FOREIGN EXCHANGE LAWS READY RECKONER I (Record no. 18326)

MARC details
000 -LEADER
fixed length control field 00347nam a2200133Ia 4500
008 - FIXED-LENGTH DATA ELEMENTS--GENERAL INFORMATION
fixed length control field 240624s9999 xx 000 0 und d
041 ## - LANGUAGE CODE
Language code of text/sound track or separate title eng
082 ## - DEWEY DECIMAL CLASSIFICATION NUMBER
Classification number 343.052 RBI
100 ## - MAIN ENTRY--PERSONAL NAME
Personal name TAXMANN
245 ## - TITLE STATEMENT
Title FOREIGN EXCHANGE LAWS READY RECKONER I
260 ## - PUBLICATION, DISTRIBUTION, ETC.
Date of publication, distribution, etc. 2010
Place of publication, distribution, etc. New Delhi
Name of publisher, distributor, etc. Taxmann Publications Pvt. Ltd.
300 ## - PHYSICAL DESCRIPTION
Extent 364 : p.
365 ## - TRADE PRICE
Currency code RS
Price amount 29
Holdings
Withdrawn status Lost status Damaged status Not for loan Home library Current library Shelving location Date acquired Source of acquisition Cost, normal purchase price Full call number Barcode Date last seen Copy number Price effective from Koha item type
        IMTN IMTN Rack 14-B 02/08/2012 TAX 2595.00 343.052 RBI 18326 06/24/2024 1 06/24/2024 Books
Designed & Maintained by: LRC IMT Nagpur Contact: lrc@imtnag.ac.in© 2024. All Rights Reserved.